00867nam a22002057a 45000010005000000030006000050050017000110080041000280200018000690400029000870820012001161000018001282450053001462600046001993000043002455050008002885200316002965210029006125210020006417365FISKH20250710154223.0250710b cb ||||| |||| 00| 0 eng d a9781444939972 aFISKHbengcFISKHdFISKH a823.912 aBlyton, Enid aStories of Wizards and Witches /cBy Enid Blyton aLondon :bHodder Children's Book ,c2017. a353 pages :billustrations ;c20 cm .  aR  aThis bumper collection of 25 short stories is populated by every sort of magical and mysterious creature, from a grumpy wizard who is outwitted by an elf to pixie who rides on a rabbit. With lots of humour and fantastic characters, these will appeal to newly confident listeners as well as to younger children. 8 a750 bLexile estimate 8 aR bRaz-Plus